00590 2200205 4500001002100000005001500021035002000036007000300056008004100059020002200100082000800122084001400130100002700144245008400171250001100255260004800266300002800314650001800342700002400360INLIS00000000000054720210331114147 a0010-0321000027ta210331 g f ind  a978-602-06-3842-3 a860 a860 GAB d0 aGabriel Garcia Marquez1 aDoce Quentos Peregrinos :bPara Peziarah yang Janggal /cGabriel Garcia Marquez aCet. 1 aJakarta :bPT Gramedia Pustaka Utama,c2020 a192 hlm ;c13,5 x 20 cm aNovel Spanyol0 aAriyantri E. Tarman